| 000 -ლიდერი |
| ფიქსირებული სიგრძის საკონტროლო ველი |
01298nam a22002297a 4500 |
| 003 - საკონტროლო ნომრის იდენტიფიკატორი |
| საკონტროლო ველი |
Ge_BSU |
| 005 - ბოლო ოპერაციის თარიღი და დრო |
| საკონტროლო ველი |
20200806124657.0 |
| 008 - ფიქსირებული სიგრძის მონაცემთა ელემენტები - ზოგადი ინფორმაცია |
| ფიქსირებული სიგრძის საკონტროლო ველი |
200806s2018 ge ||||| |||| 00| 0 geo d |
| 020 ## - წიგნის საერთაშორისო სტანდარტული ნომერი |
| International Standard Book Number |
9789941182976 |
| 041 ## - ენის კოდი |
| Language code of text/sound track or separate title |
geo |
| 080 ## - უნივერსალური ათობითი კლასიფიკაციის ინდექსი |
| Universal Decimal Classification number |
340.1 ო-47 |
| 100 ## - მთავარი ჩანაწერი - პიროვნების სახელი |
| Personal name |
ონორე, ტონი. |
| 9 (RLIN) |
9115 |
| 245 ## - ცნობა სათაურის შესახებ |
| Title |
მოკლე შესავალი სამართალმცოდნეობაში / |
| Statement of responsibility, etc |
ტონი ონორე ; მთარგმნელი და სამეცნ. რედაქტორი გიორგი მელაძე ; რედაქტორები: ნატალია ვაჩეიშვილი, თეა ქიტოშვილი. |
| 264 ## - წარმოების, გამოცემის, დისტრიბუციის და სხვა ცნობები |
| გამოცემის, წარმოების, დისტრიბუციის... ადგილი |
თბილისი : |
| გამოცემის, წარმოების, დისტრიბუციის... სახელწოდება |
ილიას სახელმწ. უნ-ტი, |
| გამოცემის, წარმოების, დისტრიბუციის... თარიღი |
2018. |
| 300 ## - ფიზიკური აღწერა |
| Extent |
136 გვ. ; |
| Other physical details |
22 სმ. |
| 501 ## - შენიშვნა თანმხლებ მასალაზე |
| With note |
ლექსიკონი: გვ. 131-136. |
| 653 ## - INDEX TERM--UNCONTROLLED |
| Uncontrolled term |
სამართალმცოდნეობა. |
| 700 ## - ADDED ENTRY--PERSONAL NAME |
| Personal name |
მელაძე, გიორგი |
| Relator term |
სამეცნ. რედაქტორი |
| 9 (RLIN) |
824 |
| 700 ## - ADDED ENTRY--PERSONAL NAME |
| Personal name |
ვაჩეიშვილი, ნატალია |
| Relator term |
რედაქტორი. |
| 9 (RLIN) |
9116 |
| 700 ## - ADDED ENTRY--PERSONAL NAME |
| Personal name |
ქიტოშვილი, თეა |
| Relator term |
რედაქტორი |
| 9 (RLIN) |
3281 |
| 942 ## - ADDED ENTRY ELEMENTS (KOHA) |
| Source of classification or shelving scheme |
|
| Koha item type |
წიგნი |